| 000 | 01986nam a2200241 4500 | ||
|---|---|---|---|
| 008 | s2004 fr fre u | ||
| 020 | _a2725622913 | ||
| 020 | _a9782725622910 | ||
| 040 | _aLB-BrCRDP | ||
| 082 | 1 |
_a372.5 _bDOR |
|
| 100 | 1 | _aDorance, Sylvia | |
| 245 | 1 | 0 |
_aActivités créatives à la maternelle. Des objets et des images _cSylvia Dorance |
| 260 |
_aParis _bRetz _c2004 |
||
| 300 |
_a191 p. _bcouv. couleur, ill. noir et blanc. _c22 cm |
||
| 490 | 0 | _aPédagogie pratique | |
| 500 | _aSommaire,, index par objectifs. | ||
| 520 | _aLes activités d'arts plastiques - l'un des domaines artistiques les plus présents à l'école maternelle - se fondent à la fois sur un besoin : celui qu'a l'enfant de toucher, de manipuler, de regarder, de communiquer, et sur une nécessité celle qui consiste à développer sa personnalité, à enrichir son expérience sensible, à s'ouvrir au monde. Inventer, créer des objets, c'est aussi, pour l'enfant, apprendre à contrôler ses gestes, découvrir le plaisir de laisser des traces et d'exprimer des émotions.Cet ouvrage aide les enseignants de maternelle à mettre en place, avec des moyens matériels simples, des activités créatives originales (en peinture, collage, modelage, etc.). Pour chacune des 80 activités, on trouve : • une suggestion de niveau (PS, MS ou GS) et le nombre minimum de séances nécessaires à la mise en œuvre de l'activité, • le matériel, • les objectifs spécifiques aux compositions plastiques et au graphisme, • les objectifs transversaux (vocabulaire, traitement de l'information, repérage dans l'espace, motricité fine, acquisition de l'autonomie...), • et de nombreux conseils pratiques et " petites astuces ". Un index par objectifs vient compléter l'ouvrage pour faciliter le repérage. | ||
| 650 | 4 | _aArts plastiques | |
| 650 | 4 | _aEcole maternelle | |
| 650 | 4 | _aActivités artistiques | |
| 942 | _cBK | ||
| 999 |
_c414 _d414 |
||